000 00830nam a2200265Ia 4500
003 OSt
005 20221005072318.0
006 a|||||r|||| 00| 0
007 ta
008 221004b |||||||| |||| 00| 0 eng d
020 _a812460195X (hbk)
_c850
024 _a90021
037 _b19397, 18/03/2008, Motilal Banarsidass
_cTextual
040 _aCRL
_cCRL
_beng
041 _2eng
_aeng
082 _aQ3v, P1
100 _aSharma V. K.
_9432404
245 0 _aHistory of jainism
_b with special reference to Mathura
260 _aNew Delhi
_bD. K. Printworld (P) Ltd. India
_c2001
300 _axx, 280p.
_ccm.
490 _aReconstrcting Indian history & culture, no. 23
650 _aRELIGION
942 _hQ3v, P1
_cTEXL
_2cc
999 _c979195
_d979195